Guess The Brand! #3 - Statistics

General Stats
  • This quiz has been taken 162 times
  • The average score is 32 of 52
Answer Stats
Picture Hint Answer % Correct
Toy Barbie
93%
Store Ikea
91%
Drink Monster
91%
Drink Sprite
91%
Toy Hello Kitty
90%
Finance Visa
88%
Finance Paypal
87%
Web & Apps Gmail
83%
TV Channel National Geographic
83%
Web & Apps Bluetooth
82%
Restaraunt Dunkin Donuts
81%
Car Dacia
78%
Pen Bic
76%
TV Channel Nickelodeon
76%
Electronics Intel
73%
Web & Apps Internet Explorer
71%
Car Bentley
70%
Web & Apps Linkedin
69%
Car Alfa Romeo
68%
Airline American Airlines
68%
Car Dodge
67%
TV Channel Discovery Channel
66%
Bank Allianz
65%
Organization FBI
65%
TV Channel History Channel
65%
Drink Dr Pepper
64%
Electronics HTC
64%
Electronics IBM
63%
Car Aston Martin
61%
Car Hertz
61%
Car Mitsubishi
61%
Fashion Converse
60%
Car Cadillac
59%
Fashion Gap
59%
Drink Evian
58%
Cosmetics Ariel
57%
Drink Guinness
57%
Food Chupa Chups
54%
Car Corvette
54%
Airline Delta
51%
Tire Dunlop
44%
Gas Castrol
43%
Tire Firestone
43%
Tennis Equipment Prince
41%
Car Chrysler
39%
Bank AXA
33%
Web & Apps IMDB
32%
Fashion Quiksilver
32%
Car Daewoo
24%
Web & Apps Netscape
22%
Electronics Sanyo
19%
Electronics Konica Minolta
18%
No matching quizzes found
Score Distribution
Percent of People with Each Score
Percentile by Number Answered
Your Score History
You have not taken this quiz